Bazel II
Charakteristika Bazel I a Bazel II. Koncepcia Bazel II - pozostáva z troch pilierov: minimálne kapitálové požiadavky, postup orgánov dohľadu, trhová disciplína. Zmeny, ktoré prináša Bazel II, odrážajú trend v bankovom sektore smerom ku kvantitatívnejšiemu a diferencovanejšiemu riadeniu rizík. Hodnot...
Enregistré dans:
| Auteur principal: | |
|---|---|
| Format: | Chapitre de livre |
| Langue: | slovaque |
| Sujets: | |
| Tags: |
Pas de tags, Soyez le premier à ajouter un tag!
|
MARC
| LEADER | 00000naa$a2200000$$$4500 | ||
|---|---|---|---|
| 001 | 0051894 | ||
| 005 | 20240711093022.4 | ||
| 041 | 0 | |a slo | |
| 044 | |a SK | ||
| 245 | 1 | 0 | |a Bazel II |c Ingrid Schreterová |
| 520 | |a Charakteristika Bazel I a Bazel II. Koncepcia Bazel II - pozostáva z troch pilierov: minimálne kapitálové požiadavky, postup orgánov dohľadu, trhová disciplína. Zmeny, ktoré prináša Bazel II, odrážajú trend v bankovom sektore smerom ku kvantitatívnejšiemu a diferencovanejšiemu riadeniu rizík. Hodnotenie dopadu Bazel II. | ||
| 610 | 2 | 0 | |a bankovníctvo |
| 610 | 2 | 0 | |a banky |
| 610 | 2 | 0 | |a riadenie rizík |
| 610 | 2 | 0 | |a dohody medzinárodné |
| 610 | 2 | 0 | |a Bazel I |
| 610 | 2 | 0 | |a Bazel II |
| 100 | 1 | |a Schreterová, Ingrid | |